TB. OF MEDICAL PHYSIOLOGY (Record no. 2154)

MARC details
000 -LEADER
fixed length control field 00337nam a2200145Ia 4500
008 - FIXED-LENGTH DATA ELEMENTS--GENERAL INFORMATION
fixed length control field 150201s2013 xx 000 0 und d
082 ## - DEWEY DECIMAL CLASSIFICATION NUMBER
Classification number 612
Item number M13H
100 ## - MAIN ENTRY--PERSONAL NAME
Personal name HALL, JOHN E.
245 ## - TITLE STATEMENT
Title TB. OF MEDICAL PHYSIOLOGY
250 ## - EDITION STATEMENT
Edition statement 1ST
260 ## - PUBLICATION, DISTRIBUTION, ETC. (IMPRINT)
Name of publisher, distributor, etc. ELSEVIER
Place of publication, distribution, etc. INDIA
Date of publication, distribution, etc. 2013
300 ## - PHYSICAL DESCRIPTION
Extent 907
650 ## - SUBJECT ADDED ENTRY--TOPICAL TERM
Topical term or geographic name as entry element PHYSIOLOGY
942 ## - ADDED ENTRY ELEMENTS (KOHA)
Source of classification or shelving scheme Dewey Decimal Classification
Koha item type Books
Koha issues (borrowed), all copies 17
Holdings
Withdrawn status Lost status Source of classification or shelving scheme Damaged status Not for loan Collection code Home library Current library Shelving location Date acquired Source of acquisition Cost, normal purchase price SGTU Bill Number Total Checkouts Full call number Barcode Date last seen Date last checked out Bill Date Koha item type Total Renewals
    Dewey Decimal Classification     NURSING SGT Medical Library SGT Medical Library Text Book 16/07/2013 ABC DELHI 1295.00 SGTU 3617 3 612 M13H FN1251 26/11/2022 11/11/2022 16/07/2013 Books  
    Dewey Decimal Classification     NURSING SGT Medical Library SGT Medical Library Text Book 16/07/2013 ABC DELHI 1295.00 SGTU 3617   612 M13H FN1252 09/02/2015   16/07/2013 Books  
    Dewey Decimal Classification     NURSING SGT Medical Library SGT Medical Library Text Book 16/07/2013 ABC DELHI 1295.00 SGTU 3617 17 612 M13H FN1253 31/03/2026 31/03/2026 16/07/2013 Books  
    Dewey Decimal Classification     NURSING SGT Medical Library SGT Medical Library Text Book 16/07/2013 ABC DELHI 1295.00 SGTU 3617 12 612 M13H FN1254 26/02/2026 14/02/2026 16/07/2013 Books 1
    Dewey Decimal Classification     NURSING SGT Medical Library SGT Medical Library Text Book 16/07/2013 ABC DELHI 1295.00 SGTU 3617 1 612 M13H FN1255 08/11/2021 23/10/2021 16/07/2013 Books